[Event "ESP-chT Rapid"]
[Site "Ubeda"]
[Date "2023.09.24"]
[Round "6.8"]
[White "Anguas Fanlo, Sergio"]
[Black "Huerga Leache, Mikel"]
[Result "0-1"]
[WhiteElo "1875"]
[BlackElo "2438"]
[PlyCount "86"]
[EventDate "2023.09.23"]
[EventType "team-swiss (rapid)"]
[EventRounds "9"]
[EventCountry "ESP"]
[SourceTitle "EXT 2024"]
[Source "ChessBase"]
[SourceDate "2023.10.10"]
[SourceVersion "1"]
[SourceVersionDate "2023.10.10"]
[SourceQuality "1"]
[WhiteTeam "Mikel Gurea II"]
[BlackTeam "San Juan"]
[WhiteTeamCountry "ESP"]
[BlackTeamCountry "ESP"]

1. d4 Nf6 2. Nf3 e6 3. Bg5 c5 4. c3 h6 5. Bxf6 gxf6 6. e4 cxd4 7. Nxd4 Nc6 8. Nb5 d6 9. Nd4 Rg8 10. g3 Qb6 11. Qb3 Qc7 12. Bh3 Nxd4 13. cxd4 Qc1+ 14. Qd1 Qxb2 15. Nd2 Qxd4 16. 0-0 Bd7 17. Qe2 Bc6 18. Rfd1 Be7 19. Qh5 Qe5 20. Qxh6 Qg5 21. Qxg5 Rxg5 22. Bg2 Rc5 23. Nb3 Rc3 24. Rac1 Rxc1 25. Rxc1 Rc8 26. h4 Bd7 27. Rxc8+ Bxc8 28. Kf1 b6 29. Ke2 Bb7 30. f3 d5 31. exd5 Bxd5 32. Ke3 Bf8 33. Bf1 a5 34. Bb5+ Ke7 35. Nc1 e5 36. a4 Kd6 37. Nd3 f5 38. g4 fxg4 39. fxg4 f6 40. Nf2 Ke6 41. Ne4 Bh6+ 42. g5 fxg5 43. Nxg5+ Bxg5+ 0-1

[Event "ESP-chT Rapid"]
[Site "Ubeda"]
[Date "2023.09.23"]
[Round "4.7"]
[White "Martin Carmona, Gaston Manuel"]
[Black "Huerga Leache, Mikel"]
[Result "0-1"]
[WhiteElo "2371"]
[BlackElo "2438"]
[PlyCount "74"]
[EventDate "2023.09.23"]
[EventType "team-swiss (rapid)"]
[EventRounds "9"]
[EventCountry "ESP"]
[SourceTitle "EXT 2024"]
[Source "ChessBase"]
[SourceDate "2023.10.10"]
[SourceVersion "1"]
[SourceVersionDate "2023.10.10"]
[SourceQuality "1"]
[WhiteTeam "Miraflores Dimalsan"]
[BlackTeam "San Juan"]
[WhiteTeamCountry "ESP"]
[BlackTeamCountry "ESP"]

1. d4 Nf6 2. Nf3 b6 3. g3 Bb7 4. Bg2 g6 5. c4 Bg7 6. 0-0 0-0 7. d5 Ne4 8. Qc2 f5 9. Ng5 Nd6 10. Nc3 h6 11. Nh3 g5 12. e4 f4 13. gxf4 g4 14. e5 Nf5 15. Be4 e6 16. Ng5 hxg5 17. fxg5 Nd4 18. Qd3 Nf3+ 19. Kg2 Na6 20. Be3 Nc5 21. Bxc5 bxc5 22. dxe6 Nxe5 23. Qg3 Bxe4+ 24. Nxe4 Rf3 25. Rad1 d6 26. b3 Qe7 27. Qh4 Rh3 28. Nf6+ Kf8 29. Nd7+ Ke8 30. Nf6+ Kd8 31. Qxh3 gxh3+ 32. Kxh3 Bxf6 33. gxf6 Qxf6 34. f4 Ke7 35. fxe5 Qg5 36. exd6+ cxd6 37. Rf7+ Kxe6 0-1

[Event "ESP-chT Rapid"]
[Site "Toledo"]
[Date "2022.09.25"]
[Round "7"]
[White "Huerga Leache, Mikel"]
[Black "Plazuelo Pascual, Juan"]
[Result "0-1"]
[WhiteElo "2442"]
[BlackElo "2437"]
[PlyCount "85"]
[EventDate "2022.09.24"]
[EventType "team-swiss (rapid)"]
[EventRounds "9"]
[EventCountry "ESP"]
[SourceTitle "CBM 210 Extra"]
[Source "ChessBase"]
[SourceDate "2022.11.30"]
[SourceVersion "1"]
[SourceVersionDate "2022.11.30"]
[SourceQuality "1"]
[WhiteTeam "San Juan"]
[BlackTeam "Diagonal Alcorcon"]
[WhiteTeamCountry "ESP"]
[BlackTeamCountry "ESP"]

1. d4 d5 2. c4 e6 3. Nf3 a6 4. Nbd2 c5 5. cxd5 cxd4 6. dxe6 Bxe6 7. Nb3 Bb4+ 8. Bd2 Bxd2+ 9. Qxd2 Bxb3 10. axb3 Nc6 11. Rd1 Qb6 12. Nxd4 0-0-0 13. e3 Nxd4 14. exd4 Nf6 15. Be2 Kb8 16. 0-0 Qxb3 17. Bf3 Rd7 18. Qg5 Rg8 19. Rc1 Qb6 20. Rc5 h6 21. Qe5+ Qd6 22. Rfc1 Rgd8 23. g3 g6 24. R1c4 Ne8 25. Qe3 Nc7 26. Qxh6 Qf6 27. Qe3 Ne6 28. Ra5 Nxd4 29. Kg2 Re7 30. Qc3 Qxf3+ 31. Qxf3 Nxf3 32. Kxf3 Rd2 33. b4 Ree2 34. b5 Rxf2+ 35. Kg4 Rf5 36. Rf4 Rxf4+ 37. Kxf4 Rd5 38. Ke4 Rxb5 39. Rxb5 axb5 40. h4 Kc7 41. g4 Kd6 42. Kd4 Ke6 43. Kc5 0-1

[Event "Carballo Concello 5th"]
[Site "Carballo"]
[Date "2022.09.01"]
[Round "8"]
[White "Gonzalez Perez, Arian"]
[Black "Huerga Leache, Mikel"]
[Result "1/2-1/2"]
[WhiteElo "2429"]
[BlackElo "2439"]
[PlyCount "86"]
[EventDate "2022.08.26"]
[EventType "swiss"]
[EventRounds "9"]
[EventCountry "ESP"]
[SourceTitle "EXT 2023"]
[Source "ChessBase"]
[SourceDate "2022.10.05"]
[SourceVersion "1"]
[SourceVersionDate "2022.10.05"]
[SourceQuality "1"]

1. d4 Nf6 2. c4 e6 3. Nc3 Bb4 4. Qc2 d5 5. cxd5 Qxd5 6. Nf3 Qf5 7. Qxf5 exf5 8. Bg5 Ne4 9. Bd2 Nxd2 10. Nxd2 c6 11. e3 Be6 12. g3 Nd7 13. Bg2 Nb6 14. 0-0 Ke7 15. a3 Bd6 16. b4 Rac8 17. Rfc1 a6 18. Nd1 Bd5 19. Nb2 Bxg2 20. Kxg2 Ra8 21. Nb3 Rab8 22. Nd3 Rhc8 23. Na5 Nd5 24. Rc2 Ke8 25. Rac1 Ne7 26. Nc4 Bc7 27. Nc5 g6 28. a4 Nd5 29. Rb1 b5 30. Nxa6 bxc4 31. Nxb8 Rxb8 32. Rxc4 Kd7 33. b5 cxb5 34. Rc5 Nf6 35. Rbxb5 Ra8 36. Rb7 Ne8 37. Rc4 Kc8 38. Rb1 Nd6 39. Rcb4 Ba5 40. Rc1+ Kd7 41. Rb3 Bd8 42. Rb4 Ba5 43. Rb3 Bd8 1/2-1/2

[Event "Carballo Concello 5th"]
[Site "Carballo"]
[Date "2022.08.28"]
[Round "4"]
[White "Buitron Ramil, David"]
[Black "Huerga Leache, Mikel"]
[Result "0-1"]
[WhiteElo "1881"]
[BlackElo "2439"]
[PlyCount "96"]
[EventDate "2022.08.26"]
[EventType "swiss"]
[EventRounds "9"]
[EventCountry "ESP"]
[SourceTitle "EXT 2023"]
[Source "ChessBase"]
[SourceDate "2022.10.05"]
[SourceVersion "1"]
[SourceVersionDate "2022.10.05"]
[SourceQuality "1"]

1. e4 e6 2. d4 d5 3. exd5 exd5 4. Bd3 c5 5. dxc5 Bxc5 6. Nf3 Nf6 7. 0-0 0-0 8. Nc3 Nc6 9. Bg5 Be6 10. Qd2 Re8 11. Bxf6 Qxf6 12. Qg5 Be7 13. Qxf6 Bxf6 14. Nb5 Re7 15. c3 Bg4 16. Nbd4 Rae8 17. Bb5 Bd7 18. Rfd1 Nxd4 19. Nxd4 Bxd4 20. Bxd7 Bxf2+ 21. Kxf2 Rxd7 22. Rd2 g6 23. Rad1 Rd6 24. Rxd5 Rf6+ 25. Kg1 Re2 26. R5d2 Rff2 27. Rxe2 Rxe2 28. Rb1 Kg7 29. a4 Rc2 30. g3 a6 31. h3 g5 32. a5 Kg6 33. g4 f6 34. b4 Rxc3 35. Kg2 Rc4 36. Rb3 h5 37. gxh5+ Kxh5 38. b5 Rc2+ 39. Kf3 f5 40. bxa6 bxa6 41. Rb6 f4 42. Rxa6 Rh2 43. Ra8 Rxh3+ 44. Ke4 Kg4 45. a6 Ra3 46. Ke5 f3 47. a7 Ra4 48. Kf6 f2 0-1

[Event "Mirandela op 3rd"]
[Site "Mirandela"]
[Date "2022.08.17"]
[Round "1"]
[White "Cafolla, Peter"]
[Black "Huerga Leache, Mikel"]
[Result "0-1"]
[WhiteElo "1948"]
[BlackElo "2439"]
[PlyCount "80"]
[EventDate "2022.08.17"]
[EventType "swiss"]
[EventRounds "9"]
[EventCountry "POR"]
[SourceTitle "CBM 209 Extra"]
[Source "ChessBase"]
[SourceDate "2022.09.30"]
[SourceVersion "1"]
[SourceVersionDate "2022.09.30"]
[SourceQuality "1"]

1. e4 c5 2. Nf3 Nc6 3. d4 cxd4 4. Nxd4 Nf6 5. Nc3 d6 6. g3 g6 7. Bg2 Nxd4 8. Qxd4 Bg7 9. Qb4 0-0 10. 0-0 a5 11. Qb3 Be6 12. Nd5 a4 13. Qa3 Nxd5 14. exd5 Bf5 15. c3 Qd7 16. Re1 Rfc8 17. Be3 b5 18. Rac1 Rc7 19. Bg5 Bf8 20. Bf1 Bh3 21. Rcd1 Bxf1 22. Kxf1 Rac8 23. Be3 Rc4 24. Rd4 Qf5 25. Red1 Qf3 26. Kg1 h5 27. R4d3 Qf5 28. Kg2 h4 29. h3 hxg3 30. fxg3 Bg7 31. Bf2 Be5 32. Rf3 Qe4 33. Rdd3 f5 34. Kg1 Qe2 35. b4 Qc2 36. Bd4 Qb1+ 37. Kf2 Bxd4+ 38. cxd4 Rc2+ 39. Ke3 Rxa2 40. Rf1 Qc2 0-1

[Event "Euskadi-ch"]
[Site "Getxo"]
[Date "2022.04.21"]
[Round "4.1"]
[White "Huerga Leache, Mikel"]
[Black "Argandona Riveiro, Inigo"]
[Result "1/2-1/2"]
[WhiteElo "2471"]
[BlackElo "2385"]
[PlyCount "26"]
[EventDate "2022.04.19"]
[EventType "swiss"]
[EventRounds "5"]
[EventCountry "ESP"]
[SourceTitle "EXT 2024"]
[Source "ChessBase"]
[SourceDate "2023.10.10"]
[SourceVersion "1"]
[SourceVersionDate "2023.10.10"]
[SourceQuality "1"]

1. e4 d6 2. d4 Nf6 3. Nc3 Nbd7 4. Nf3 e5 5. Bc4 Be7 6. 0-0 0-0 7. Re1 c6 8. a4 b6 9. d5 cxd5 10. Nxd5 Bb7 11. c3 Rc8 12. Nxf6+ Nxf6 13. Bd3 Qc7 1/2-1/2

[Event "Euskadi-ch"]
[Site "Getxo"]
[Date "2022.04.20"]
[Round "2.5"]
[White "Huerga Leache, Mikel"]
[Black "Rodriguez Gonzalez, Alex"]
[Result "1-0"]
[WhiteElo "2471"]
[BlackElo "1899"]
[PlyCount "63"]
[EventDate "2022.04.19"]
[EventType "swiss"]
[EventRounds "5"]
[EventCountry "ESP"]
[SourceTitle "EXT 2024"]
[Source "ChessBase"]
[SourceDate "2023.10.10"]
[SourceVersion "1"]
[SourceVersionDate "2023.10.10"]
[SourceQuality "1"]

1. d4 d5 2. Nf3 g6 3. c4 c6 4. Nc3 Nf6 5. cxd5 cxd5 6. Bf4 a6 7. e3 Bg7 8. Bd3 Nc6 9. 0-0 Nh5 10. Bg5 h6 11. Bh4 g5 12. Nd2 Nf6 13. Bg3 h5 14. f3 h4 15. Bf2 g4 16. fxg4 Nxg4 17. Qf3 Nxf2 18. Rxf2 Be6 19. Bf5 Nxd4 20. exd4 Bxd4 21. Bxe6 Bxf2+ 22. Qxf2 fxe6 23. Qd4 Rf8 24. Re1 Qd6 25. Qa4+ b5 26. Nxb5 Qb6+ 27. Nd4+ Kd8 28. Rxe6 Rc8 29. N2b3 Rc1+ 30. Nxc1 Qxb2 31. Qa5+ Kd7 32. Qxd5+ 1-0

[Event "Gujarat op 3rd"]
[Site "Ahmedabad"]
[Date "2022.04.04"]
[Round "7"]
[White "De Silva, LMST"]
[Black "Huerga Leache, Mikel"]
[Result "1/2-1/2"]
[WhiteElo "2220"]
[BlackElo "2471"]
[PlyCount "80"]
[EventDate "2022.03.31"]
[EventType "swiss"]
[EventRounds "10"]
[EventCountry "IND"]
[SourceTitle "CBM 207 Extra"]
[Source "ChessBase"]
[SourceDate "2022.05.31"]
[SourceVersion "1"]
[SourceVersionDate "2022.05.31"]
[SourceQuality "1"]

1. e4 c5 2. Nf3 Nc6 3. Bb5 e5 4. 0-0 Bd6 5. c3 a6 6. Ba4 b5 7. Bc2 Nge7 8. h3 0-0 9. d4 cxd4 10. cxd4 exd4 11. Nxd4 Nxd4 12. Qxd4 Qc7 13. Qd1 Bb7 14. Nc3 Rac8 15. a3 Bh2+ 16. Kh1 Be5 17. Bd2 d5 18. Rc1 Bxc3 19. Bxc3 dxe4 20. Qg4 Ng6 21. Bxe4 f5 22. Bxf5 Bxg2+ 23. Kg1 Bxf1 24. Bxc8 Rxc8 25. Qe6+ Kh8 26. Bxg7+ Kxg7 27. Rxc7+ Rxc7 28. Qd6 Rc1 29. Qd7+ Kf8 30. Qd8+ Kf7 31. Qd5+ Kf6 32. Qd4+ Kf5 33. Qg4+ Kf6 34. Qd4+ Kf7 35. Qd5+ Ke8 36. Qe4+ Kf8 37. Qa8+ Kg7 38. Qa7+ Kg8 39. Qa8+ Kg7 40. Qa7+ Kf6 1/2-1/2

[Event "Elgoibar 30th"]
[Site "Elgoibar"]
[Date "2021.12.20"]
[Round "9"]
[White "Huerga Leache, Mikel"]
[Black "Oratovsky, Michael"]
[Result "1/2-1/2"]
[WhiteElo "2503"]
[BlackElo "2422"]
[PlyCount "28"]
[EventDate "2021.12.14"]
[EventType "tourn"]
[EventRounds "9"]
[EventCountry "ESP"]
[EventCategory "5"]
[SourceTitle "CBM 206 Extra"]
[Source "ChessBase"]
[SourceDate "2022.03.31"]
[SourceVersion "1"]
[SourceVersionDate "2022.03.31"]
[SourceQuality "1"]

1. e4 e5 2. Nf3 Nc6 3. Bb5 a6 4. Ba4 Nf6 5. 0-0 b5 6. Bb3 Be7 7. Re1 d6 8. c3 0-0 9. h3 Nb8 10. d4 Nbd7 11. Nbd2 Bb7 12. Bc2 Re8 13. Nf1 Bf8 14. Ng3 g6 1/2-1/2

[Event "Elgoibar 30th"]
[Site "Elgoibar"]
[Date "2021.12.19"]
[Round "8"]
[White "Zwirs, Nico"]
[Black "Huerga Leache, Mikel"]
[Result "1-0"]
[WhiteElo "2457"]
[BlackElo "2503"]
[PlyCount "89"]
[EventDate "2021.12.14"]
[EventType "tourn"]
[EventRounds "9"]
[EventCountry "ESP"]
[EventCategory "5"]
[SourceTitle "CBM 206 Extra"]
[Source "ChessBase"]
[SourceDate "2022.03.31"]
[SourceVersion "1"]
[SourceVersionDate "2022.03.31"]
[SourceQuality "1"]

1. e4 e6 2. d4 d5 3. Nc3 Bb4 4. e5 Qd7 5. Qg4 f5 6. Qg3 b6 7. a3 Bxc3+ 8. bxc3 Ba6 9. Ne2 Qf7 10. h4 Ne7 11. h5 Nbc6 12. h6 g6 13. Bg5 Kd7 14. Nf4 Bxf1 15. Kxf1 Na5 16. Bf6 Rhc8 17. Nh3 c5 18. Ng5 Qg8 19. Qh4 Nec6 20. dxc5 Nc4 21. Rd1 Kc7 22. g4 f4 23. Qh2 bxc5 24. Qxf4 Rf8 25. Kg2 Rab8 26. a4 Rb2 27. Rb1 Rxc2 28. Rhc1 Rxc1 29. Qxc1 Rb8 30. Rb5 a6 31. Rxc5 Nb2 32. Be7 Kd7 33. Rxc6 Kxc6 34. Qe3 Nc4 35. Qa7 a5 36. Qc5+ Kd7 37. Qa7+ Kc6 38. Qc5+ Kd7 39. Bf6 Rb7 40. Qe7+ Kc8 41. Qxe6+ Qxe6 42. Nxe6 Nb2 43. Nf8 Nxa4 44. e6 Kc7 45. e7 1-0

[Event "Elgoibar 30th"]
[Site "Elgoibar"]
[Date "2021.12.18"]
[Round "7"]
[White "Huerga Leache, Mikel"]
[Black "Beerdsen, Thomas"]
[Result "1/2-1/2"]
[WhiteElo "2503"]
[BlackElo "2489"]
[PlyCount "102"]
[EventDate "2021.12.14"]
[EventType "tourn"]
[EventRounds "9"]
[EventCountry "ESP"]
[EventCategory "5"]
[SourceTitle "CBM 206 Extra"]
[Source "ChessBase"]
[SourceDate "2022.03.31"]
[SourceVersion "1"]
[SourceVersionDate "2022.03.31"]
[SourceQuality "1"]

1. d4 Nf6 2. c4 e6 3. Nc3 Bb4 4. e3 0-0 5. Bd3 c5 6. Nf3 cxd4 7. exd4 d5 8. 0-0 dxc4 9. Bxc4 b6 10. Qe2 Bb7 11. Rd1 Nbd7 12. d5 exd5 13. Nxd5 Nxd5 14. Bxd5 Bxd5 15. Rxd5 Qc7 16. Rd4 Bc5 17. Rh4 Rfe8 18. Qc2 Nf8 19. b4 Bd6 20. Qxc7 Bxc7 21. Be3 Ne6 22. Rc1 Bd6 23. Nd4 Bxb4 24. Nxe6 Ba3 25. Rc7 Rxe6 26. Ra4 Bc5 27. Raxa7 Rxa7 28. Rxa7 f5 29. h3 Bxe3 30. fxe3 Rxe3 31. Rb7 Re6 32. a4 h6 33. Ra7 Kh7 34. Ra6 Re4 35. Rxb6 Rxa4 36. Kf2 g6 37. Rb7+ Kg8 38. g3 Ra8 39. Kf3 Rf8 40. g4 Rf7 41. Rb6 Kg7 42. gxf5 Rxf5+ 43. Kg4 Rg5+ 44. Kf3 h5 45. Rb4 Rg1 46. h4 Re1 47. Kg3 Kf6 48. Rf4+ Kg7 49. Kg2 Re2+ 50. Kg3 Re1 51. Kg2 Re2+ 1/2-1/2

[Event "Elgoibar 30th"]
[Site "Elgoibar"]
[Date "2021.12.16"]
[Round "4"]
[White "Huerga Leache, Mikel"]
[Black "Napoli, Nicolo"]
[Result "1-0"]
[WhiteElo "2503"]
[BlackElo "2307"]
[PlyCount "91"]
[EventDate "2021.12.14"]
[EventType "tourn"]
[EventRounds "9"]
[EventCountry "ESP"]
[EventCategory "5"]
[SourceTitle "CBM 206 Extra"]
[Source "ChessBase"]
[SourceDate "2022.03.31"]
[SourceVersion "1"]
[SourceVersionDate "2022.03.31"]
[SourceQuality "1"]

1. Nf3 d5 2. e3 Nf6 3. c4 g6 4. cxd5 Nxd5 5. Qa4+ Qd7 6. Qb3 Bg7 7. Bc4 e6 8. Nc3 Nb6 9. Bb5 Nc6 10. d4 a6 11. Be2 0-0 12. 0-0 Rd8 13. a4 a5 14. Rd1 Qe7 15. Nb5 Nb4 16. e4 c6 17. Na3 h6 18. Bf4 g5 19. Bg3 Bd7 20. Bc7 Nc8 21. Bxd8 Qxd8 22. Nc2 Bf8 23. Ne5 Be8 24. Nxb4 axb4 25. Ng4 Nd6 26. e5 Nf5 27. Qh3 Bg7 28. Qd3 Ra5 29. Ne3 Nxe3 30. fxe3 Qa8 31. b3 b5 32. Qc2 c5 33. Qxc5 Bf8 34. Bf3 Qb8 35. Qc1 bxa4 36. bxa4 Bxa4 37. Bc6 Rc5 38. dxc5 Bxc6 39. Rd6 Qb5 40. Rb1 Be4 41. Rb2 b3 42. Qc3 Bxd6 43. exd6 Bd5 44. Qd4 Bc6 45. h3 Kh7 46. Rd2 1-0

[Event "Elgoibar 30th"]
[Site "Elgoibar"]
[Date "2021.12.15"]
[Round "2"]
[White "Huerga Leache, Mikel"]
[Black "Martinez Fernandez, Adrian"]
[Result "1/2-1/2"]
[WhiteElo "2503"]
[BlackElo "2335"]
[PlyCount "45"]
[EventDate "2021.12.14"]
[EventType "tourn"]
[EventRounds "9"]
[EventCountry "ESP"]
[EventCategory "5"]
[SourceTitle "CBM 206 Extra"]
[Source "ChessBase"]
[SourceDate "2022.03.31"]
[SourceVersion "1"]
[SourceVersionDate "2022.03.31"]
[SourceQuality "1"]

1. Nf3 c5 2. b3 d5 3. e3 Nc6 4. Bb5 Bd7 5. Bb2 Nf6 6. 0-0 e6 7. c4 dxc4 8. bxc4 Be7 9. Qe2 0-0 10. d3 a6 11. Bxc6 Bxc6 12. Ne5 Rc8 13. Nd2 Nd7 14. f4 Nxe5 15. fxe5 f5 16. exf6 Bxf6 17. Bxf6 Rxf6 18. Rxf6 Qxf6 19. Rf1 Qe7 20. Nf3 Bxf3 21. Qxf3 Rf8 22. Qh5 Rf5 23. Rxf5 1/2-1/2

[Event "ESP-ch 84th"]
[Site "Marbella"]
[Date "2019.11.22"]
[Round "7"]
[White "Santos Latasa, Jaime"]
[Black "Huerga Leache, Mikel"]
[Result "1-0"]
[WhiteElo "2581"]
[BlackElo "2456"]
[PlyCount "71"]
[EventDate "2019.11.16"]
[EventType "swiss"]
[EventRounds "9"]
[EventCountry "ESP"]
[SourceTitle "CBM 193 Extra"]
[Source "ChessBase"]
[SourceDate "2020.01.31"]
[SourceVersion "1"]
[SourceVersionDate "2020.01.31"]
[SourceQuality "1"]

1. d4 Nf6 2. c4 e6 3. Nc3 Bb4 4. e3 0-0 5. Bd3 d5 6. a3 Bxc3+ 7. bxc3 c5 8. cxd5 exd5 9. Ne2 Re8 10. 0-0 b6 11. f3 Nc6 12. g4 h5 13. h3 g6 14. Ra2 Kg7 15. Ng3 Qd6 16. Rg2 hxg4 17. hxg4 Rh8 18. Ne2 Bd7 19. Qe1 a5 20. a4 Nd8 21. e4 dxe4 22. Bf4 Qe6 23. Be5 exd3 24. Nf4 Qc6 25. g5 Kg8 26. Bxf6 Qd6 27. Qg3 Ne6 28. Rh2 Rxh2 29. Qxh2 Ng7 30. Bxg7 f6 31. Bxf6 d2 32. Qh8+ Kf7 33. Qg7+ Ke8 34. Qg8+ Qf8 35. Qxg6+ Qf7 36. Qe4+ 1-0

[Event "ESP-ch 84th"]
[Site "Marbella"]
[Date "2019.11.20"]
[Round "5"]
[White "Garcia Romero, Benjamin Abel"]
[Black "Huerga Leache, Mikel"]
[Result "0-1"]
[WhiteElo "2234"]
[BlackElo "2456"]
[PlyCount "73"]
[EventDate "2019.11.16"]
[EventType "swiss"]
[EventRounds "9"]
[EventCountry "ESP"]
[SourceTitle "CBM 193 Extra"]
[Source "ChessBase"]
[SourceDate "2020.01.31"]
[SourceVersion "1"]
[SourceVersionDate "2020.01.31"]
[SourceQuality "1"]

1. d4 e6 2. c4 d5 3. Nf3 a6 4. g3 dxc4 5. Bg2 b5 6. Ne5 c6 7. 0-0 Bb7 8. a4 Ne7 9. b3 cxb3 10. axb5 axb5 11. Rxa8 Bxa8 12. Qxb3 Nd7 13. Nc3 Nd5 14. Nxd5 exd5 15. e4 Nxe5 16. exd5 Ng6 17. dxc6 Qc7 18. Qa2 Bxc6 19. Qc2 Kd7 20. Bh3+ Kd8 21. Bd2 Bb7 22. Qa2 Qc6 23. f3 Ke8 24. Qa7 Bd6 25. Re1+ Ne7 26. Bb4 Bxb4 27. Qb8+ Bc8 28. Bxc8 Bd6 29. Bd7+ Kxd7 30. Qxh8 Qc3 31. Rf1 Qxd4+ 32. Kg2 Nf5 33. Kh3 Qd3 34. Re1 Ne3 35. Qa8 Qf5+ 36. g4 Qf4 37. Re2 0-1

[Event "ESP-ch 84th"]
[Site "Marbella"]
[Date "2019.11.19"]
[Round "4"]
[White "Huerga Leache, Mikel"]
[Black "Rey Malde, Henrique"]
[Result "1-0"]
[WhiteElo "2456"]
[BlackElo "2209"]
[PlyCount "63"]
[EventDate "2019.11.16"]
[EventType "swiss"]
[EventRounds "9"]
[EventCountry "ESP"]
[SourceTitle "CBM 193 Extra"]
[Source "ChessBase"]
[SourceDate "2020.01.31"]
[SourceVersion "1"]
[SourceVersionDate "2020.01.31"]
[SourceQuality "1"]

1. d4 Nf6 2. Bf4 d5 3. e3 c5 4. c3 Nc6 5. Nd2 Qb6 6. Qb3 g6 7. Qxb6 axb6 8. Bc7 Nd7 9. Bb5 Bg7 10. Ngf3 0-0 11. 0-0 f6 12. Rfe1 e5 13. dxe5 Ncxe5 14. e4 Nxf3+ 15. Nxf3 dxe4 16. Rxe4 Ne5 17. Nxe5 fxe5 18. Bxb6 Be6 19. Bxc5 Rfd8 20. a4 Rd2 21. Rb4 Rad8 22. Kf1 Bh6 23. Be2 Bd5 24. Rd1 Bc6 25. Rxd2 Rxd2 26. g3 Rc2 27. Bd3 Rc1+ 28. Ke2 Bg2 29. Be3 Bxe3 30. Kxe3 Re1+ 31. Kd2 Rh1 32. Be4 1-0

[Event "Getxo op 4th"]
[Site "Getxo"]
[Date "2019.09.15"]
[Round "8"]
[White "Grigoryan, Karen H"]
[Black "Huerga Leache, Mikel"]
[Result "1-0"]
[WhiteElo "2601"]
[BlackElo "2463"]
[PlyCount "99"]
[EventDate "2019.09.08"]
[EventType "swiss"]
[EventRounds "9"]
[EventCountry "ESP"]
[SourceTitle "EXT 2021"]
[Source "ChessBase"]
[SourceDate "2020.10.23"]
[SourceVersion "1"]
[SourceVersionDate "2020.10.23"]
[SourceQuality "1"]

1. d4 Nf6 2. c4 e6 3. Nc3 Bb4 4. Qc2 0-0 5. a3 Bxc3+ 6. Qxc3 b5 7. cxb5 c6 8. f3 Nd5 9. Qd3 f5 10. e4 fxe4 11. fxe4 Qh4+ 12. g3 Qf6 13. Nh3 Nb6 14. e5 Qf3 15. Qxf3 Rxf3 16. Nf4 Rb3 17. Be2 Bb7 18. 0-0 Rxb5 19. b4 Nd5 20. a4 Nxf4 21. Bxb5 Nh3+ 22. Kg2 cxb5+ 23. Kxh3 Bc6 24. Bg5 Na6 25. Be7 bxa4 26. Bd6 Bb5 27. Rf2 Rc8 28. Rc1 Re8 29. Rc3 h6 30. Rcf3 Kh7 31. Rf8 Rxf8 32. Rxf8 a3 33. Rf3 g5 34. g4 a2 35. Ra3 Bc4 36. Kg3 Kg6 37. Kf2 h5 38. gxh5+ Kxh5 39. Ke1 g4 40. Kd2 Kh4 41. Kc3 Bf1 42. Kb2 Bc4 43. Rc3 Be2 44. Kxa2 Bf3 45. b5 Kh3 46. Rc2 Be4 47. Rd2 Bd5+ 48. Ka3 Bc4 49. Ka4 Bf1 50. Ka5 1-0

[Event "Getxo op 4th"]
[Site "Getxo"]
[Date "2019.09.12"]
[Round "6"]
[White "Svyatoslav, Vorobyev"]
[Black "Huerga Leache, Mikel"]
[Result "0-1"]
[WhiteElo "1911"]
[BlackElo "2463"]
[PlyCount "38"]
[EventDate "2019.09.08"]
[EventType "swiss"]
[EventRounds "9"]
[EventCountry "ESP"]
[SourceTitle "EXT 2020"]
[Source "ChessBase"]
[SourceDate "2019.10.17"]
[SourceVersion "1"]
[SourceVersionDate "2019.10.17"]
[SourceQuality "1"]

1. e4 c5 2. Nf3 Nc6 3. Nc3 d6 4. Bc4 Nf6 5. d4 cxd4 6. Nxd4 Qb6 7. Ndb5 a6 8. Be3 Qa5 9. Nd4 e6 10. 0-0 Be7 11. Kh1 Qc7 12. Bb3 0-0 13. f4 b5 14. Nxc6 Qxc6 15. e5 Bb7 16. Qe2 dxe5 17. fxe5 Nd7 18. Rad1 Nxe5 19. Bd4 Ng6 0-1

[Event "Getxo op 4th"]
[Site "Getxo"]
[Date "2019.09.10"]
[Round "4"]
[White "Ibarretxe Campo, Lander"]
[Black "Huerga Leache, Mikel"]
[Result "1/2-1/2"]
[WhiteElo "2023"]
[BlackElo "2463"]
[PlyCount "117"]
[EventDate "2019.09.08"]
[EventType "swiss"]
[EventRounds "9"]
[EventCountry "ESP"]
[SourceTitle "EXT 2020"]
[Source "ChessBase"]
[SourceDate "2019.10.17"]
[SourceVersion "1"]
[SourceVersionDate "2019.10.17"]
[SourceQuality "1"]

1. d4 Nf6 2. Nf3 c5 3. e3 d5 4. c4 e6 5. Nc3 Nc6 6. cxd5 exd5 7. Bd3 Bg4 8. Be2 Bd6 9. Nb5 Be7 10. dxc5 0-0 11. 0-0 Bxc5 12. Nbd4 Ne4 13. Nxc6 bxc6 14. Ne5 Bxe2 15. Qxe2 Bd6 16. Nf3 Re8 17. b3 Re6 18. Bb2 Rh6 19. Be5 Ng5 20. Bg3 Bxg3 21. hxg3 Ne4 22. Nd2 Nf6 23. e4 Nxe4 24. Nxe4 Re6 25. Rfc1 dxe4 26. Rc3 Qb6 27. Rac1 Rd8 28. Re3 Qd4 29. Re1 Rde8 30. g4 Qf6 31. g3 Qg5 32. Kg2 h6 33. Rh1 Rg6 34. Rh4 Qd5 35. Rh5 Rg5 36. Rxg5 hxg5 37. Qa6 Qe6 38. Qe2 g6 39. Rc3 Kg7 40. Qe3 Qxg4 41. Rxc6 Qd7 42. Qc3+ Kg8 43. Rc7 Qg4 44. Qf6 Qe6 45. Qxe6 Rxe6 46. Rxa7 Rd6 47. b4 Rd2 48. Kf1 Rb2 49. a3 f5 50. Rb7 f4 51. Re7 Rb1+ 52. Kg2 f3+ 53. Kh3 Re1 54. g4 Kf8 55. Re5 Kf7 56. Kg3 Kf6 57. Re8 Kf7 58. Re5 Kf6 59. Kh2 1/2-1/2

[Event "Iberoamerican-ch 7th"]
[Site "Linares"]
[Date "2019.08.15"]
[Round "6"]
[White "Huerga Leache, Mikel"]
[Black "Albornoz Cabrera, Carlos Daniel"]
[Result "1/2-1/2"]
[WhiteElo "2440"]
[BlackElo "2566"]
[PlyCount "95"]
[EventDate "2019.08.10"]
[EventType "swiss"]
[EventRounds "9"]
[EventCountry "ESP"]
[SourceTitle "CBM 191 Extra"]
[Source "ChessBase"]
[SourceDate "2019.09.30"]
[SourceVersion "1"]
[SourceVersionDate "2019.09.30"]
[SourceQuality "1"]

1. Nf3 Nf6 2. g3 g6 3. b3 Bg7 4. Bb2 d6 5. d4 c5 6. c4 cxd4 7. Nxd4 Ne4 8. Bg2 Qa5+ 9. Kf1 Nf6 10. Qd2 Qb6 11. Nc3 0-0 12. Rc1 Nc6 13. c5 dxc5 14. Nxc6 bxc6 15. Na4 Qc7 16. Qf4 Qd8 17. Bxc6 Bh3+ 18. Bg2 Qd5 19. f3 Qe6 20. Qe5 c4 21. Rxc4 Rfd8 22. Qxe6 Bxe6 23. Rd4 Nd5 24. Rd3 Bxb2 25. Nxb2 Nb4 26. Rxd8+ Rxd8 27. a3 Nc2 28. Kf2 Bxb3 29. Nd3 a5 30. Nc5 Bc4 31. Rc1 Rd2 32. Bf1 Nxa3 33. Nb7 a4 34. Nc5 Bb5 35. Nxa4 Bxa4 36. Ra1 Nb5 37. Rxa4 Nc3 38. Ra7 Kf8 39. Rc7 Rc2 40. Rc8+ Kg7 41. Rd8 e5 42. Re8 Kf6 43. f4 exf4 44. gxf4 Nd5 45. Re4 Rc3 46. Bg2 Ne7 47. Bf3 Nf5 48. Ra4 1/2-1/2